SOUR Tracklist By Streams - Statistics

General Stats
  • This quiz has been taken 12 times
  • The average score is 9 of 11
Answer Stats
# Streams Answer % Correct
1 2,555,580,728 drivers license
100%
4 1,988,543,241 deja vu
91%
2 2,467,576,064 good 4 u
91%
5 1,431,826,867 happier
91%
9 618,284,541 1 step forward, 3 steps back
82%
3 1,994,938,776 traitor
82%
8 761,875,402 brutal
73%
6 1,361,123,048 favorite crime
73%
10 566,267,312 enough for you
64%
11 385,126,551 hope ur ok
64%
7 1,122,336,222 jealousy, jealousy
64%
No matching quizzes found
Score Distribution
Percent of People with Each Score
Percentile by Number Answered
Your Score History
You have not taken this quiz